| LEADER |
01464nam0a2200193 450 |
| 001 |
16868178 |
| 010 |
|
|
|a 978-2-36637-215-1Â
|b Br.Â
|d 22 €Â
|
| 100 |
|
|
|a 20260403d2026 u u0frey01 baÂ
|
| 101 |
1 |
|
|a freÂ
|c engÂ
|
| 102 |
|
|
|a FRÂ
|
| 200 |
0 |
|
|a Avec l'espoir pour horizonÂ
|f Anne-Marie BrearÂ
|
| 207 |
|
1 |
|a Â
|
| 210 |
|
|
|a La Roque-sur-PernesÂ
|b 84Â
|c VDBÂ
|
| 215 |
|
|
|a 1 vol. (540 p.)Â
|c Couv illÂ
|d 22x15 cmÂ
|
| 330 |
|
|
|a Irlande, 1851. Depuis que la maladie de la pomme de terre a frappé le pays, les paysans crient famine. Comme nombre de métayers, Ellen Kittrick et son mari peinent à nourrir leurs enfants et craignent de perdre leur toit. Touchée par des drames successifs, la jeune femme se résout à lÂ’exil. Grâce à Ralph Hamilton, un ami du propriétaire du manoir où elle est domestique, Ellen embarque avec ses enfants à bord dÂ’un navire en partance pour lÂ’Australie, pays de tous les espoirs. Sur place, lÂ’associé de Ralph dans une affaire dÂ’import-export la prend sous son aile. Sa nouvelle vie lui apportera-t-elle la sécurité et le bonheur auxquels elle aspire ? Ellen pourra-t-elle s’épanouir en terre étrangère ou a-t-elle commis la plus grande erreur de sa vie ?Â
|
| 700 |
|
0 |
|a BrearÂ
|b Anne-MarieÂ
|4Â 70Â
|
| 900 |
|
|
|a RomanÂ
|
| 901 |
|
|
|a AdultesÂ
|
| 995 |
|
|
|a MédiathèqueÂ
|c MédiathèqueÂ
|f 089021823Â
|h 089021823Â
|k R BRE LV 1Â
|o pÂ
|q aÂ
|r agÂ
|u A prêter en 2 vol (Avec "le domaine de Berrima" vol 2)A rendre en 2 vol (Avec "le domaine de Berrima" vol 2)Â
|e MédiathèqueÂ
|